[Event "U.S. Championship"]
[Site "Saint Louis USA"]
[Date "2022.10.05"]
[EventDate "2022.10.05"]
[Round "1.2"]
[Result "1-0"]
[White "Samuel Sevian"]
[Black "Elshan Moradiabadi"]
[WhiteElo "2684"]
[BlackElo "2534"]
[PlyCount "122"]

1. d4 Nf6 2. c4 e6 3. Nf3 b6 4. g3 Bb7 5. Bg2 Bb4+ 6. Bd2 a5 7. O-O O-O 8. Bg5
Be7 9. Qc2 Na6 10. Bxf6 Bxf6 11. Ng5 Bxg5 12. Bxb7 Nb4 13. Qd1 Rb8 14. Bg2 c5
15. d5 Bf6 16. Nc3 exd5 17. Nxd5 Nxd5 18. Bxd5 b5 19. Rb1 bxc4 20. Qc2 c3 21.
bxc3 Qc7 22. Bc4 Qe5 23. Rxb8 Rxb8 24. Rd1 Rd8 25. Qa4 Qc7 26. Rd3 g6 27. Bd5
Kg7 28. c4 Rb8 29. Bxf7 Qc6 30. Qxc6 dxc6 31. Rd7 Rb2 32. Be6+ Kh8 33. Rf7 Bc3
34. Rf8+ Kg7 35. Rf7+ Kh8 36. e3 Rxa2 37. Rf8+ Kg7 38. Rf7+ Kh8 39. g4 Be1 40.
Rf8+ Kg7 41. Rf7+ Kh8 42. f4 Bf2+ 43. Kh1 Bxe3 44. g5 h6 45. Rf8+ Kh7 46. Rf7+
Kh8 47. f5 Rf2 48. Rf8+ Kh7 49. Rf7+ Kh8 50. Ra7 gxf5 51. g6 Rf1+ 52. Kg2 Rg1+
53. Kf3 Rxg6 54. Bf7 Rg4 55. Kxe3 Rh4 56. Bg6 Rxc4 57. Bxf5 a4 58. Be4 Rc3+ 59.
Kf4 Rh3 60. Kf5 Kg8 61. Kf6 1-0

[Event "U.S. Championship"]
[Site "Saint Louis USA"]
[Date "2022.10.05"]
[EventDate "2022.10.05"]
[Round "1.1"]
[Result "1/2-1/2"]
[White "Aleksandr Lenderman"]
[Black "Levon Aronian"]
[WhiteElo "2535"]
[BlackElo "2755"]
[PlyCount "34"]

1. d4 Nf6 2. c4 e6 3. Nc3 Bb4 4. e3 O-O 5. Bd3 c5 6. Nf3 cxd4 7. exd4 d5 8. O-O
dxc4 9. Bxc4 b6 10. Re1 Bb7 11. Bd3 Nc6 12. a3 Be7 13. Bc2 Na5 14. Ne5 Nc6 15.
Nf3 Na5 16. Ne5 Nc6 17. Nf3 1/2-1/2

[Event "U.S. Championship"]
[Site "Saint Louis USA"]
[Date "2022.10.05"]
[EventDate "2022.10.05"]
[Round "1.7"]
[Result "1/2-1/2"]
[White "Fabiano Caruana"]
[Black "Dominguez Perez, Leinier"]
[WhiteElo "2763"]
[BlackElo "2747"]
[PlyCount "94"]

1. e4 e5 2. Nf3 Nc6 3. Bb5 Nf6 4. O-O Nxe4 5. d4 Nd6 6. dxe5 Nxb5 7. a4 Nbd4 8.
Nxd4 d5 9. Nxc6 bxc6 10. Qd3 Qd7 11. Nd2 a5 12. Qe3 c5 13. Nb3 Qc6 14. Qc3 Qb6
15. Bd2 Be6 16. Kh1 d4 17. Qf3 Ra6 18. Nc1 Be7 19. b3 O-O 20. Nd3 Qc6 21. Qe2 c4
22. bxc4 Qxc4 23. Rfc1 Bf5 24. Qf3 Bg6 25. h3 Re8 26. Nb2 Qe6 27. Nd3 Qc4 28.
Nb2 Qc6 29. Qxc6 Rxc6 30. Nd3 Ra8 31. Ra2 Rc4 32. Rb1 Bf5 33. Rb5 Bd7 34. Rxa5
Rxa5 35. Bxa5 h5 36. e6 fxe6 37. Ne5 Rxa4 38. Rxa4 Bxa4 39. c3 c5 40. cxd4 Bf6
41. Bc3 cxd4 42. Bxd4 Bxe5 43. Bxe5 g6 44. Kg1 Kf7 45. Kh1 Kg8 46. Kg1 Kf7 47.
Kh1 Kg8 1/2-1/2

[Event "U.S. Championship"]
[Site "Saint Louis USA"]
[Date "2022.10.05"]
[EventDate "2022.10.05"]
[Round "1.6"]
[Result "1/2-1/2"]
[White "Sam Shankland"]
[Black "Ray Robson"]
[WhiteElo "2712"]
[BlackElo "2690"]
[PlyCount "70"]

1. e4 e5 2. Nf3 Nc6 3. Bb5 Nf6 4. d3 Bc5 5. Bxc6 dxc6 6. Nbd2 Be6 7. O-O Nd7 8.
Nb3 Bb6 9. Ng5 Bxb3 10. axb3 Qe7 11. Nf3 f6 12. Nd2 O-O-O 13. Nc4 a6 14. Kh1 g5
15. Be3 Kb8 16. Qd2 h5 17. b4 Rhg8 18. Rad1 h4 19. f3 h3 20. g4 Bxe3 21. Nxe3
Nf8 22. Nf5 Qd7 23. c3 Ne6 24. d4 Nf4 25. Qc2 Qe6 26. b3 Rd7 27. Rd2 Rgd8 28.
Rfd1 Ng6 29. Kg1 Nf4 30. Kf1 Ng6 31. Kf2 Ne7 32. Ng3 Ng6 33. Nf5 Ne7 34. Ng3 Ng6
35. Nf5 Ne7 1/2-1/2

[Event "U.S. Championship"]
[Site "Saint Louis USA"]
[Date "2022.10.05"]
[EventDate "2022.10.05"]
[Round "1.4"]
[Result "0-1"]
[White "Christopher Woojin Yoo"]
[Black "Hans Moke Niemann"]
[WhiteElo "2563"]
[BlackElo "2699"]
[PlyCount "108"]

1. d4 Nf6 2. Nc3 d5 3. Bf4 e6 4. Nb5 Na6 5. e3 Be7 6. Nf3 O-O 7. Be2 Nh5 8. Be5
f6 9. Bg3 c6 10. Nc3 c5 11. O-O Nxg3 12. hxg3 c4 13. e4 Bb4 14. exd5 exd5 15.
Nb1 Nc7 16. c3 Bd6 17. Nbd2 b5 18. Ne1 Be6 19. Nc2 Qd7 20. Re1 a5 21. a3 g6 22.
Nf1 h5 23. Qd2 Kg7 24. f4 Rh8 25. Bf3 f5 26. Re2 Ne8 27. Rae1 Bf7 28. Re5 Nf6
29. Nfe3 h4 30. Qf2 h3 31. Re2 Rad8 32. Qe1 Ne4 33. g4 Bxe5 34. dxe5 hxg2 35.
Rxg2 Rh3 36. e6 Bxe6 37. gxf5 Bxf5 38. Nxf5+ Qxf5 39. Nd4 Qf6 40. Bxe4 Re8 41.
f5 Rxe4 42. Qf2 Reh4 43. Rxg6+ Qxg6+ 44. fxg6 Rh1+ 45. Kg2 R4h2+ 46. Kg3 Rxf2
47. Kxf2 Rh2+ 48. Ke3 Rxb2 49. Kf4 Kxg6 50. Ke5 b4 51. axb4 axb4 52. cxb4 c3 53.
b5 Rxb5 54. Nxb5 c2 0-1

[Event "U.S. Championship"]
[Site "Saint Louis USA"]
[Date "2022.10.05"]
[EventDate "2022.10.05"]
[Round "1.5"]
[Result "1/2-1/2"]
[White "Jeffery Xiong"]
[Black "Dariusz Swiercz"]
[WhiteElo "2690"]
[BlackElo "2652"]
[PlyCount "116"]

1. d4 d5 2. c4 c6 3. Nf3 Nf6 4. Qc2 e6 5. g3 Be7 6. Bg2 O-O 7. O-O b6 8. b3 Nbd7
9. Rd1 Ba6 10. Nbd2 b5 11. c5 b4 12. Re1 Bb5 13. a4 bxa3 14. Rxa3 a5 15. Bb2 Qc7
16. Bc3 Ra6 17. e3 Rfa8 18. Rea1 Bd8 19. Qd1 Qb8 20. R1a2 R8a7 21. Qa1 Qa8 22.
Ne1 a4 23. b4 Ne8 24. Bf3 Nc7 25. Bd1 f5 26. Nef3 Nf6 27. Ne5 Ne4 28. Ndf3 Ne8
29. Be1 Bf6 30. Qc1 Ng5 31. Nxg5 Bxg5 32. Bc2 Bf6 33. Nd3 Nc7 34. Nb2 e5 35. Qd1
e4 36. Bd2 g6 37. Bc1 Bd8 38. Nxa4 h5 39. h4 Ne8 40. Bb2 Kf7 41. Qa1 Bc4 42. Nb6
Rxa3 43. Rxa3 Rxa3 44. Qxa3 Qxa3 45. Bxa3 Bb5 46. Na4 Nc7 47. Nc3 Bc4 48. Ba4
Nb5 49. Nxb5 Bxb5 50. Bxb5 cxb5 51. Kg2 Ke6 52. f3 exf3+ 53. Kxf3 Bc7 54. Bc1
Kd7 55. Ba3 Bb8 56. Bc1 Bc7 57. Ba3 Bb8 58. Bc1 Bc7 1/2-1/2

[Event "U.S. Championship"]
[Site "Saint Louis USA"]
[Date "2022.10.05"]
[EventDate "2022.10.05"]
[Round "1.3"]
[Result "1/2-1/2"]
[White "Awonder Liang"]
[Black "Wesley So"]
[WhiteElo "2608"]
[BlackElo "2774"]
[PlyCount "68"]

1. e4 e5 2. Nf3 Nc6 3. Nc3 Nf6 4. d4 exd4 5. Nxd4 Bb4 6. Nxc6 bxc6 7. Bd3 O-O 8.
O-O d5 9. Bd2 Bxc3 10. Bxc3 dxe4 11. Bxf6 Qxf6 12. Bxe4 Qxb2 13. Bxc6 Rb8 14.
Rb1 Qxb1 15. Qxb1 Rxb1 16. Rxb1 Rd8 17. Bf3 Kf8 18. Rb8 Re8 19. h4 Ba6 20. Rb4
Re1+ 21. Kh2 Re5 22. Ra4 Be2 23. Kg3 Bxf3 24. Kxf3 Rc5 25. Rxa7 Rc3+ 26. Ke2
Rxc2+ 27. Ke3 h5 28. g3 Ke7 29. a4 g6 30. Ra8 Rc3+ 31. Ke4 Rc2 32. Ke3 Rc3+ 33.
Ke4 Rc2 34. Ke3 1/2-1/2

[Event "U.S. Championship"]
[Site "Saint Louis USA"]
[Date "2022.10.06"]
[EventDate "2022.10.04"]
[Round "2"]
[Result "1/2-1/2"]
[White "Hans Moke Niemann"]
[Black "Jeffery Xiong"]
[WhiteElo "2699"]
[BlackElo "2690"]
[PlyCount "86"]

1. e4 e6 2. d4 d5 3. Nc3 Nf6 4. e5 Nfd7 5. f4 c5 6. Nf3 Nc6 7. Be3 cxd4 8.
Nxd4 Qb6 9. a3 Bc5 10. Ncb5 Nxd4 11. Bxd4 O-O 12. Bxc5 Nxc5 13. Qd4 f6 14.
Be2 fxe5 15. fxe5 Bd7 16. Nd6 Ba4 17. b3 Be8 18. b4 Ne4 19. Qxb6 axb6 20.
Nxe4 dxe4 21. Bc4 Kh8 22. Bxe6 Ba4 23. O-O-O e3 24. Rhf1 g6 25. Bg4 Rfe8
26. Rd4 Rxe5 27. Be2 Kg7 28. g3 Bc6 29. Kb2 b5 30. Rd3 Rae8 31. Rc3 Rd8 32.
Rd3 Rde8 33. Rc3 h5 34. Rd3 Rc8 35. Rc3 Rh8 36. h4 Rc8 37. Rd3 Rce8 38. Rd6
R8e7 39. Rd4 Be4 40. Rfd1 Bc6 41. Rf1 Be4 42. Re1 Bc6 43. Rf1 1/2-1/2

[Event "U.S. Championship"]
[Site "Saint Louis USA"]
[Date "2022.10.06"]
[EventDate "2022.10.04"]
[Round "2"]
[Result "1/2-1/2"]
[White "D Swiercz"]
[Black "S Shankland"]
[WhiteElo "2652"]
[BlackElo "2712"]
[PlyCount "92"]

1. d4 Nf6 2. c4 g6 3. Nc3 d5 4. cxd5 Nxd5 5. e4 Nxc3 6. bxc3 Bg7 7. Bc4 O-O
8. Ne2 c5 9. O-O Nc6 10. Be3 e6 11. dxc5 Ne5 12. Qxd8 Rxd8 13. Rfd1 Bd7 14.
Bb3 Bc6 15. f3 Rdc8 16. Nf4 a5 17. a4 Be8 18. Bd4 Nc6 19. Bxg7 Kxg7 20. Nd3
Nb8 21. Bc4 Nd7 22. Bb5 Nxc5 23. Bxe8 Nxd3 24. Rxd3 Rxe8 25. Rd7 Red8 26.
Rxb7 Rac8 27. Rb5 Rxc3 28. Rxa5 Rd2 29. Rg5 Rcc2 30. a5 h6 31. Rg3 Ra2 32.
Rxa2 Rxa2 33. f4 Rxa5 34. Re3 Ra2 35. h4 Kf6 36. g3 h5 37. Kf1 e5 38. Re2
Ra3 39. Kg2 Ke6 40. Rb2 exf4 41. gxf4 Ra4 42. Kf3 Ra3+ 43. Kg2 Ra4 44. Kf3
Ra3+ 45. Kg2 Ra4 46. Kf3 Ra3+ 1/2-1/2

[Event "U.S. Championship"]
[Site "Saint Louis USA"]
[Date "2022.10.06"]
[EventDate "2022.10.04"]
[Round "2"]
[Result "1/2-1/2"]
[White "R Robson"]
[Black "F Caruana"]
[WhiteElo "2690"]
[BlackElo "2763"]
[PlyCount "94"]

1. d4 Nf6 2. c4 e6 3. Nf3 d5 4. g3 Bb4+ 5. Nbd2 dxc4 6. Bg2 b5 7. a3 Be7 8.
Ne5 Nd5 9. O-O O-O 10. b3 Bb7 11. bxc4 Nc3 12. Qe1 Bxg2 13. Kxg2 bxc4 14.
Ndf3 Ne4 15. Nxc4 Qd5 16. Ne3 Qb7 17. Bd2 Nd7 18. Qb1 Rfb8 19. Qxb7 Rxb7
20. d5 Ndc5 21. dxe6 Nxe6 22. Nc4 Nxd2 23. Nfxd2 Rd8 24. e3 Rb5 25. Rfc1 f5
26. h4 Bf6 27. Rab1 a6 28. a4 Rxb1 29. Rxb1 Nc5 30. a5 Kf7 31. Kf3 Ke6 32.
h5 Bc3 33. Ke2 Na4 34. Nf3 Bf6 35. Ke1 Rd5 36. Rb8 Rc5 37. Ncd2 Rxa5 38.
Nb3 Rd5 39. Ra8 a5 40. Nfd4+ Bxd4 41. Nxd4+ Ke7 42. Rc8 Rc5 43. Nb3 Rb5 44.
Nd4 Rc5 45. Nb3 Rb5 46. Nd4 Rc5 47. Nb3 1/2-1/2

[Event "U.S. Championship"]
[Site "Saint Louis USA"]
[Date "2022.10.06"]
[EventDate "2022.10.04"]
[Round "2"]
[Result "1-0"]
[White "E Moradiabadi"]
[Black "Awonder Liang"]
[WhiteElo "2534"]
[BlackElo "2608"]
[PlyCount "122"]

1. e4 e5 2. Nf3 Nc6 3. Bb5 a6 4. Ba4 Nf6 5. O-O Be7 6. Re1 b5 7. Bb3 d6 8.
c3 O-O 9. h3 Bb7 10. a4 Nb8 11. d3 Nbd7 12. Na3 c5 13. Bg5 Qb6 14. Nc2 c4
15. dxc4 Nc5 16. Bxf6 Bxf6 17. a5 Qc7 18. Ne3 Nxb3 19. Qxb3 Bxe4 20. cxb5
axb5 21. Qxb5 Bxf3 22. gxf3 Rfb8 23. Qc4 Qd7 24. b4 e4 25. Nd5 Qxh3 26.
Qxe4 Be5 27. f4 Bxc3 28. Re3 Qg4+ 29. Rg3 Qxg3+ 30. fxg3 Bxa1 31. Qd3 Bf6
32. a6 Bd8 33. b5 h6 34. Kg2 Bb6 35. f5 Bc5 36. f6 gxf6 37. Nxf6+ Kg7 38.
Nd7 Re8 39. Qc3+ Kh7 40. Nf6+ Kg6 41. Nxe8 Rxe8 42. Qd3+ Kg7 43. Qf3 Re3
44. Qb7 Rb3 45. Qc6 Kg6 46. Kh3 Kg7 47. Qe8 Re3 48. Qc8 Ra3 49. Qg4+ Kf8
50. Qf4 Kg7 51. Kg4 Re3 52. Qa4 Re5 53. Qa5 Bf2 54. Qc3 Bc5 55. Qc4 Kf6 56.
Kh3 Rh5+ 57. Kg2 Re5 58. Qg4 Re3 59. Qa4 Ba7 60. Qb4 Bc5 61. Qb2+ 1-0

[Event "U.S. Championship"]
[Site "Saint Louis USA"]
[Date "2022.10.06"]
[EventDate "2022.10.04"]
[Round "2"]
[Result "1/2-1/2"]
[White "L Aronian"]
[Black "Dominguez Perez,L"]
[WhiteElo "2755"]
[BlackElo "2747"]
[PlyCount "68"]

1. e4 e5 2. Nf3 Nf6 3. Nxe5 d6 4. Nf3 Nxe4 5. d4 d5 6. Bd3 Nc6 7. O-O Be7
8. Nbd2 Bf5 9. Re1 Nxd2 10. Qxd2 Qd7 11. Bxf5 Qxf5 12. Ne5 Nd8 13. Qc3 Ne6
14. Bd2 Bd6 15. Re3 O-O-O 16. Rae1 Bxe5 17. Rxe5 Qg4 18. f4 g6 19. Qe3 Kb8
20. Qf2 Ng7 21. f5 gxf5 22. Bh6 Rhg8 23. Bxg7 Rxg7 24. Rxf5 b6 25. c3 Rdg8
26. Re2 Qh3 27. Rxf7 Rxg2+ 28. Qxg2 Rxg2+ 29. Rxg2 Qe3+ 30. Rff2 Qe1+ 31.
Rf1 Qe3+ 32. Rff2 Qe1+ 33. Rf1 Qe3+ 34. Rff2 1/2-1/2

[Event "U.S. Championship"]
[Site "Saint Louis USA"]
[Date "2022.10.06"]
[EventDate "2022.10.04"]
[Round "2"]
[Result "0-1"]
[White "W So"]
[Black "Christopher Woojin Yoo"]
[WhiteElo "2774"]
[BlackElo "2563"]
[PlyCount "96"]

1. e4 e5 2. Nf3 Nf6 3. Nxe5 d6 4. Nf3 Nxe4 5. d4 d5 6. Bd3 Bd6 7. O-O O-O
8. c4 c6 9. Re1 Bf5 10. Qb3 Qd7 11. c5 Bc7 12. Qc2 Na6 13. a3 Bg6 14. Nc3
f5 15. Ne2 Bh5 16. Ng3 Bg6 17. Ne2 Bh5 18. Ng3 Bg6 19. b4 Rae8 20. Bb2 Re6
21. Ne2 Qe7 22. Ne5 f4 23. Nxg6 Rxg6 24. f3 Qh4 25. Nc3 Rh6 26. h3 Ng5 27.
Qf2 Qh5 28. b5 Nb8 29. a4 Bd8 30. Re2 Qf7 31. Kf1 Nd7 32. a5 Nxh3 33. gxh3
Rxh3 34. Qg2 Qh5 35. Rf2 Rg3 36. Qh2 Rh3 37. Qg2 Re8 38. Ne2 Re3 39. Ra3
Rh1+ 40. Ng1 Nf6 41. Bc1 Qh4 42. Bxe3 fxe3 43. Bxh7+ Qxh7 44. Rxe3 Bc7 45.
Re7 Qb1+ 46. Re1 Qd3+ 47. Rfe2 Rh2 48. Qg5 Nh5 0-1

[Event "U.S. Championship"]
[Site "Saint Louis USA"]
[Date "2022.10.06"]
[EventDate "2022.10.04"]
[Round "2"]
[Result "1/2-1/2"]
[White "A Lenderman"]
[Black "Samuel Sevian"]
[WhiteElo "2535"]
[BlackElo "2684"]
[PlyCount "70"]

1. d4 Nf6 2. c4 e6 3. g3 d5 4. Bg2 dxc4 5. Nf3 c5 6. O-O Nc6 7. dxc5 Qxd1
8. Rxd1 Bxc5 9. Nbd2 c3 10. bxc3 O-O 11. Nb3 Be7 12. Nfd4 Bd7 13. a4 Rfd8
14. Nb5 a6 15. Nd6 Be8 16. Ba3 Bxd6 17. Rxd6 Nd5 18. Bxd5 exd5 19. Rxd8
Nxd8 20. Bb4 Ne6 21. a5 Bb5 22. e3 Rc8 23. f3 h5 24. Kf2 f6 25. Nd4 Nxd4
26. exd4 Re8 27. Re1 Rxe1 28. Kxe1 Kf7 29. Bc5 g5 30. Kd2 Ke6 31. Ke3 Ba4
32. Bb6 Bb5 33. Bc5 Ba4 34. Bb6 Bb5 35. Bc5 Ba4 1/2-1/2

[Event "U.S. Championship"]
[Site "Saint Louis USA"]
[Date "2022.10.07"]
[EventDate "2022.10.04"]
[Round "3"]
[Result "1/2-1/2"]
[White "Dominguez Perez,L"]
[Black "R Robson"]
[WhiteElo "2747"]
[BlackElo "2690"]
[PlyCount "186"]

1. e4 e5 2. Nf3 Nc6 3. Bb5 Nf6 4. O-O Nxe4 5. d4 Nd6 6. Bxc6 dxc6 7. dxe5
Nf5 8. Qxd8+ Kxd8 9. h3 Bd7 10. Rd1 Be7 11. g4 Nh4 12. Nxh4 Bxh4 13. Nd2
Kc8 14. Nf3 Be7 15. Bg5 Bc5 16. Rd3 Be6 17. Kg2 b5 18. Be3 Bb6 19. Kg3 Kb7
20. a4 h6 21. Nd4 Bxd4 22. Bxd4 h5 23. a5 a6 24. f3 Rh7 25. Rh1 Rah8 26.
Rh2 Re8 27. Rdd2 Kc8 28. b3 Kb7 29. Bc5 Bd5 30. Rde2 Be6 31. Re4 Bd5 32.
Re3 Be6 33. Ree2 Kc8 34. Re4 Bd5 35. Re3 Be6 36. Re4 Bd5 37. Ree2 Be6 38.
Rd2 Bd5 39. Bd4 Be6 40. f4 g6 41. Rdf2 Rg8 42. Bc5 Kd7 43. Rd2+ Kc8 44. Be7
hxg4 45. hxg4 Rgh8 46. Rxh7 Rxh7 47. Rd8+ Kb7 48. Bc5 Rh1 49. Rd3 Rf1 50.
Rf3 Rxf3+ 51. Kxf3 Bd5+ 52. Kg3 Be4 53. b4 Kc8 54. c3 Kd7 55. Kh4 Ke6 56.
Kg5 Bd3 57. Ba7 Bc2 58. Bb8 c5 59. Bxc7 cxb4 60. cxb4 Bd1 61. f5+ gxf5 62.
gxf5+ Ke7 63. Bd6+ Kd7 64. Kh6 Bb3 65. Kg7 Ke8 66. Bc5 Bc4 67. Be3 Bb3 68.
Kf6 Kd7 69. Bh6 Bc4 70. Bf8 Bb3 71. Bc5 Bc4 72. Kg5 Bb3 73. Kf4 Bc4 74. Ke3
Bb3 75. Kd4 Kc6 76. Ke4 Kd7 77. Bf2 Bc4 78. Bh4 Ba2 79. Kf4 Bc4 80. Kg5 Bb3
81. Kf6 Bc4 82. Kg7 Ke8 83. Bg3 Bb3 84. e6 fxe6 85. f6 e5 86. Bxe5 Bf7 87.
Bg3 Bc4 88. Kg6 Bf7+ 89. Kf5 Kd7 90. Ke5 Kc6 91. Kf5 Kd7 92. Ke5 Kc6 93.
Kf5 Kd7 1/2-1/2

[Event "U.S. Championship"]
[Site "Saint Louis USA"]
[Date "2022.10.07"]
[EventDate "2022.10.04"]
[Round "3"]
[Result "1/2-1/2"]
[White "S Shankland"]
[Black "Hans Moke Niemann"]
[WhiteElo "2712"]
[BlackElo "2699"]
[PlyCount "114"]

1. d4 Nf6 2. c4 e6 3. Nc3 Bb4 4. Qc2 O-O 5. a3 Bxc3+ 6. Qxc3 d5 7. Nf3 dxc4
8. Qxc4 b6 9. Bg5 Ba6 10. Qc1 Bb7 11. h4 Nc6 12. Qf4 Qd6 13. Rc1 Nd5 14.
Qxd6 cxd6 15. e4 Nf6 16. Bd3 h6 17. Bxf6 gxf6 18. Ke2 Rac8 19. Rc3 Ne7 20.
Rhc1 Rxc3 21. Rxc3 Rc8 22. Rxc8+ Bxc8 23. Nd2 d5 24. e5 f5 25. b4 Bd7 26.
b5 Kg7 27. Ke3 Ng6 28. h5 Nf8 29. a4 Be8 30. f3 f6 31. g4 fxe5 32. dxe5 Nd7
33. Kd4 fxg4 34. fxg4 Nc5 35. Bc2 Bf7 36. Nb1 Bg8 37. a5 Bf7 38. a6 Be8 39.
Na3 Bd7 40. Bd1 Ne4 41. Be2 Kf7 42. Nc2 Ke7 43. Ke3 Ng5 44. Nd4 Nf7 45. Nf3
Ng5 46. Nd4 Nf7 47. Kf4 Ng5 48. Bf1 Be8 49. Nf3 Nxf3 50. Kxf3 Kf8 51. Kf4
Kg7 52. Be2 Bd7 53. g5 Be8 54. Kg4 Bd7 55. Kf4 Be8 56. Kg4 Bd7 57. Kf4 Be8
1/2-1/2

[Event "U.S. Championship"]
[Site "Saint Louis USA"]
[Date "2022.10.07"]
[EventDate "2022.10.04"]
[Round "3"]
[Result "1-0"]
[White "F Caruana"]
[Black "D Swiercz"]
[WhiteElo "2763"]
[BlackElo "2652"]
[PlyCount "120"]

1. e4 e5 2. Nf3 Nc6 3. Bb5 Nf6 4. d3 Bc5 5. Bxc6 dxc6 6. Nbd2 Be6 7. O-O
Qd6 8. b3 a5 9. Bb2 Nd7 10. Ng5 a4 11. Ndf3 O-O 12. Nh4 Rfe8 13. Nxe6 Qxe6
14. Nf5 g6 15. Ng3 Qd6 16. Qg4 Qe6 17. Qg5 Qe7 18. Qc1 Nf8 19. Kh1 Bd6 20.
Ne2 Ne6 21. g3 a3 22. Bc3 c5 23. Kg2 f5 24. exf5 gxf5 25. Ng1 Qf7 26. Qd2
Nd4 27. Rae1 Re6 28. Bxd4 cxd4 29. Nf3 Re7 30. Nh4 Rf8 31. c4 dxc3 32. Qxc3
Qd5+ 33. Kg1 Rg7 34. Ng2 Kh8 35. Ne3 Qb5 36. Nc4 Re8 37. Qc1 Qd5 38. Nxd6
Qxd6 39. Qc3 Rd7 40. Re3 Qd4 41. Qa5 f4 42. Re4 Qb2 43. Rfe1 Rxd3 44. Qxc7
fxg3 45. hxg3 Qc3 46. Qxc3 Rxc3 47. R1e2 Rc1+ 48. Kg2 Rb1 49. f4 Rb2 50.
fxe5 Kg7 51. Rf2 Rc8 52. Rg4+ Kh6 53. e6 Rf8 54. Rgf4 Rxf4 55. gxf4 Kg7 56.
f5 Kf6 57. Kf3 b5 58. Re2 Ke7 59. Re1 Rxa2 60. f6+ 1-0

[Event "U.S. Championship"]
[Site "Saint Louis USA"]
[Date "2022.10.07"]
[EventDate "2022.10.04"]
[Round "3"]
[Result "1-0"]
[White "Awonder Liang"]
[Black "A Lenderman"]
[WhiteElo "2608"]
[BlackElo "2535"]
[PlyCount "80"]

1. d4 d5 2. c4 c6 3. Nf3 Nf6 4. Qc2 dxc4 5. Qxc4 Bf5 6. g3 e6 7. Bg2 Be7 8.
O-O O-O 9. Nc3 Nbd7 10. a4 Ne4 11. a5 Nxc3 12. bxc3 Be4 13. Qb3 c5 14. Nd2
Bxg2 15. Kxg2 Qc7 16. Nf3 b6 17. Qa4 cxd4 18. cxd4 bxa5 19. Bf4 Qb7 20.
Rfc1 e5 21. dxe5 Bb4 22. e6 Nc5 23. exf7+ Qxf7 24. Qa2 Qxa2 25. Rxa2 Rfe8
26. Be3 Ne4 27. Rc6 a6 28. Bd4 Nd6 29. Rc7 Nf5 30. Bb6 Re7 31. Rcc2 a4 32.
Rxa4 a5 33. Rca2 Bc3 34. R2a3 Bb2 35. Rxa5 Rf8 36. Rb3 Rxe2 37. Ra2 Rb8 38.
Kf1 Nd4 39. Bxd4 Rxb3 40. Kxe2 1-0

[Event "U.S. Championship"]
[Site "Saint Louis USA"]
[Date "2022.10.07"]
[EventDate "2022.10.04"]
[Round "3"]
[Result "1/2-1/2"]
[White "Jeffery Xiong"]
[Black "W So"]
[WhiteElo "2690"]
[BlackElo "2774"]
[PlyCount "78"]

1. d4 d5 2. c4 dxc4 3. Nf3 a6 4. e3 Nf6 5. Bxc4 e6 6. O-O c5 7. b3 cxd4 8.
Nxd4 Be7 9. Bb2 O-O 10. Nd2 b5 11. Be2 Bb7 12. Rc1 Qd7 13. a4 Nc6 14. axb5
Nxd4 15. Bxd4 axb5 16. Nf3 Rfc8 17. Bxf6 Qxd1 18. Rxc8+ Rxc8 19. Rxd1 Bxf6
20. Bxb5 Bxf3 21. gxf3 Rc2 22. Bd3 Ra2 23. Rc1 Ra1 24. Bb1 Kf8 25. Kg2 Ke7
26. b4 Bb2 27. Rd1 Bc3 28. b5 Ba5 29. f4 g6 30. Kf3 h6 31. Ke2 g5 32. fxg5
hxg5 33. h3 Kf6 34. Rc1 Ke7 35. Rf1 Kf6 36. Kf3 Bb6 37. Ke2 Ba5 38. Kf3 Bb6
39. Ke2 Ba5 1/2-1/2

[Event "U.S. Championship"]
[Site "Saint Louis USA"]
[Date "2022.10.07"]
[EventDate "2022.10.04"]
[Round "3"]
[Result "1/2-1/2"]
[White "Samuel Sevian"]
[Black "L Aronian"]
[WhiteElo "2684"]
[BlackElo "2755"]
[PlyCount "196"]

1. c4 Nf6 2. d4 e6 3. Nf3 d5 4. Nc3 Be7 5. Bf4 O-O 6. e3 Nbd7 7. c5 Nh5 8.
Bd3 Nxf4 9. exf4 b6 10. b4 a5 11. a3 c6 12. O-O Ba6 13. g3 Bf6 14. Qc2 Bxd3
15. Qxd3 Qc8 16. Rfc1 Qb7 17. Rab1 axb4 18. axb4 Ra3 19. Qd2 Qa8 20. Kg2 h6
21. Nd1 Rb8 22. Ne3 Qa4 23. Qd1 Qxd1 24. Rxd1 Ra4 25. b5 Rc8 26. bxc6 Rxc6
27. cxb6 Rxb6 28. Rbc1 Rb8 29. f5 exf5 30. Nxd5 Ra5 31. Ne3 Bg5 32. Nc4 Rd5
33. Ra1 Rc8 34. h4 Bf6 35. Ne3 Rb5 36. Ra7 Nf8 37. d5 f4 38. gxf4 Ng6 39.
Ra4 Rcb8 40. h5 Nh4+ 41. Nxh4 Bxh4 42. Nf5 Bf6 43. Ra3 Rd8 44. Ne3 Be7 45.
Rad3 Bd6 46. Kf3 Kh7 47. Rc1 Bc5 48. Ng4 Bd6 49. Ne3 Bc5 50. Ng4 Bd6 51.
Rcd1 Re8 52. Rd4 Bc5 53. Rc4 Rb3+ 54. Kg2 Bd6 55. Ne3 Rd8 56. Ng4 Re8 57.
Ne5 Rb7 58. Nf3 Rb5 59. Rd2 Rd8 60. Rcd4 Re8 61. Rc4 Rd8 62. Rcd4 Re8 63.
Nh4 Rd8 64. Nf5 Bc5 65. R4d3 Bb4 66. Rd1 Bc5 67. Kf3 Rb2 68. R1d2 Rxd2 69.
Rxd2 g6 70. hxg6+ Kxg6 71. Ne3 f5 72. Nc4 Kf6 73. Ra2 Rxd5 74. Ra6+ Ke7 75.
Rxh6 Rd3+ 76. Kg2 Rc3 77. Ne5 Bd6 78. Ng6+ Kf7 79. Ne5+ Ke7 80. Rh4 Ke6 81.
Nf3 Rc4 82. Ng5+ Kd5 83. Nh3 Rb4 84. Rh5 Ke6 85. Rh6+ Ke7 86. Kg3 Ra4 87.
Rh8 Kf6 88. Rc8 Rb4 89. Rc6 Ke7 90. Ra6 Rc4 91. Ra5 Kf6 92. Rd5 Ke6 93. Rd3
Ke7 94. Rf3 Kf6 95. Ng1 Re4 96. Nh3 Rc4 97. Ng1 Re4 98. Nh3 Rc4 1/2-1/2

[Event "U.S. Championship"]
[Site "Saint Louis USA"]
[Date "2022.10.07"]
[EventDate "2022.10.04"]
[Round "3"]
[Result "1-0"]
[White "Christopher Woojin Yoo"]
[Black "E Moradiabadi"]
[WhiteElo "2563"]
[BlackElo "2534"]
[PlyCount "78"]

1. d4 d5 2. c4 e6 3. Nf3 Nf6 4. g3 dxc4 5. Bg2 c5 6. Qa4+ Bd7 7. Qxc4 Bc6
8. dxc5 Nbd7 9. Be3 Rc8 10. b4 b6 11. O-O bxc5 12. b5 Bb7 13. Rd1 Be7 14.
a4 O-O 15. a5 Nb6 16. Qc2 Nbd5 17. Bd2 Qe8 18. Qc4 Nb4 19. Na3 Ne4 20. Bf4
Bd5 21. Qc1 c4 22. Ne5 Nc5 23. Nexc4 Bxg2 24. Nd6 Bxd6 25. Bxd6 Nb3 26. Qb2
Nxa1 27. Bxb4 Ba8 28. Rxa1 Qd7 29. Bxf8 Rxf8 30. Rc1 a6 31. b6 Qd5 32. f3
Qxa5 33. Nc4 Qd5 34. Ne3 Qg5 35. Kf2 Qf6 36. Qb4 a5 37. Qxa5 Qh6 38. h4 f5
39. Qxa8 1-0

[Event "U.S. Championship"]
[Site "Saint Louis USA"]
[Date "2022.10.08"]
[EventDate "2022.10.05"]
[Round "4.7"]
[Result "1/2-1/2"]
[White "Levon Aronian"]
[Black "Ray Robson"]
[WhiteElo "2755"]
[BlackElo "2690"]
[PlyCount "114"]

1. d4 Nf6 2. c4 e6 3. Nf3 d5 4. Nc3 Bb4 5. cxd5 exd5 6. Bg5 h6 7. Bh4 O-O 8. e3
Bf5 9. Qb3 Bxc3+ 10. bxc3 Nbd7 11. Be2 c5 12. dxc5 g5 13. Nd4 Nxc5 14. Qb5 Qc8
15. Nxf5 Qxf5 16. Qxc5 gxh4 17. Qd4 Qg5 18. O-O Rfe8 19. Rab1 b6 20. Rb5 Re4 21.
Qd1 h3 22. g3 Rd8 23. c4 Ree8 24. Qd4 Qf5 25. cxd5 Re5 26. Qh4 Rdxd5 27. Rb4 Rd2
28. Bg4 Qg6 29. Qxh3 Rxa2 30. Bf3 Kg7 31. Qc8 Qf5 32. Qb7 Qd7 33. Rg4+ Rg5 34.
Qxd7 Nxd7 35. Rf4 Rd2 36. Rd4 Rxd4 37. exd4 Rg6 38. Rc1 Rd6 39. Rc7 a5 40. d5
Kf6 41. Kf1 Ne5 42. Be4 b5 43. Ke2 Ra6 44. f4 Nc4 45. Rc6+ Rxc6 46. dxc6 Ke7 47.
c7 Kd7 48. Bc6+ Kxc7 49. Bxb5 Nd6 50. Ba4 Kd8 51. Kd3 Ke7 52. Kd4 Kf6 53. Kd5
Nf5 54. Ke4 Nd6+ 55. Kd5 Nf5 56. Ke4 Nd6+ 57. Kd5 1/2-1/2

[Event "U.S. Championship"]
[Site "Saint Louis USA"]
[Date "2022.10.08"]
[EventDate "2022.10.05"]
[Round "4.6"]
[Result "1/2-1/2"]
[White "Samuel Sevian"]
[Black "Awonder Liang"]
[WhiteElo "2684"]
[BlackElo "2608"]
[PlyCount "102"]

1. e4 e5 2. Nf3 Nc6 3. Bb5 Nf6 4. d3 d6 5. O-O a6 6. Bxc6+ bxc6 7. d4 Be7 8. Re1
exd4 9. Nxd4 Bd7 10. c4 O-O 11. Nc3 Re8 12. h3 h6 13. Qd3 c5 14. Nc2 Bc6 15. Ne3
a5 16. Nf5 Bf8 17. Bf4 Nd7 18. Rad1 Qf6 19. Bc1 g6 20. Ne3 Bg7 21. Ned5 Qd8 22.
b3 a4 23. Qc2 axb3 24. axb3 Nf6 25. Bb2 Nxd5 26. exd5 Bd7 27. Rxe8+ Qxe8 28. Qc1
Qe7 29. Re1 Qg5 30. Re3 Bf5 31. Ne2 Bd7 32. Bxg7 Kxg7 33. Qc3+ Qf6 34. Re7 Qxc3
35. Nxc3 Rd8 36. g4 Kf8 37. Re3 Re8 38. Rxe8+ Kxe8 39. Kg2 f5 40. Kg3 Ke7 41.
Nb5 Bxb5 42. cxb5 Kf6 43. f4 g5 44. Kf3 fxg4+ 45. hxg4 gxf4 46. Kxf4 Kg6 47. Ke4
Kg5 48. Kf3 Kg6 49. Ke4 Kg5 50. Kf3 Kg6 51. Ke4 1/2-1/2